<?xml version="1.0" encoding="UTF-8"?>
<record
    xmlns:xsi="http://www.w3.org/2001/XMLSchema-instance"
    xsi:schemaLocation="http://www.loc.gov/MARC21/slim http://www.loc.gov/standards/marcxml/schema/MARC21slim.xsd"
    xmlns="http://www.loc.gov/MARC21/slim">

  <leader>00565nam a22001937a 4500</leader>
  <controlfield tag="005">20260407113718.0</controlfield>
  <controlfield tag="008">260225b        |||||||| |||| 00| 0 eng d</controlfield>
  <datafield tag="020" ind1=" " ind2=" ">
    <subfield code="a">978-0-2014-1607-7</subfield>
  </datafield>
  <datafield tag="050" ind1=" " ind2=" ">
    <subfield code="a">QA 76.73 .P2 G66 1991</subfield>
    <subfield code="b">1</subfield>
  </datafield>
  <datafield tag="100" ind1=" " ind2=" ">
    <subfield code="a">GONNET G. H.</subfield>
  </datafield>
  <datafield tag="245" ind1=" " ind2=" ">
    <subfield code="a">HANDBOOK OF ALGORITHMS AND DATA STRUCTURES IN PASCAL AND C</subfield>
    <subfield code="b">1</subfield>
  </datafield>
  <datafield tag="250" ind1=" " ind2=" ">
    <subfield code="a">2ND EDITION</subfield>
  </datafield>
  <datafield tag="260" ind1=" " ind2=" ">
    <subfield code="a">WOKINGHAM ENGLAND</subfield>
    <subfield code="b">ADDISON-WESLEY</subfield>
    <subfield code="c">1991</subfield>
  </datafield>
  <datafield tag="300" ind1=" " ind2=" ">
    <subfield code="a">XIV,424P</subfield>
  </datafield>
  <datafield tag="500" ind1=" " ind2=" ">
    <subfield code="a">INCLUDES INDEX</subfield>
  </datafield>
  <datafield tag="650" ind1=" " ind2=" ">
    <subfield code="a">PASCAL COMPUTER PROGRAM  LANGUAGE</subfield>
  </datafield>
  <datafield tag="700" ind1=" " ind2=" ">
    <subfield code="a">YATES R.BAEZA</subfield>
  </datafield>
  <datafield tag="942" ind1=" " ind2=" ">
    <subfield code="2">lcc</subfield>
    <subfield code="c">BK</subfield>
  </datafield>
  <datafield tag="999" ind1=" " ind2=" ">
    <subfield code="c">216666</subfield>
    <subfield code="d">216666</subfield>
  </datafield>
  <datafield tag="952" ind1=" " ind2=" ">
    <subfield code="0">0</subfield>
    <subfield code="1">0</subfield>
    <subfield code="2">lcc</subfield>
    <subfield code="4">0</subfield>
    <subfield code="6">QA007673 P2 G66  01991</subfield>
    <subfield code="7">0</subfield>
    <subfield code="8">SCT</subfield>
    <subfield code="9">375523</subfield>
    <subfield code="a">KSUL</subfield>
    <subfield code="b">KSUL</subfield>
    <subfield code="c">DISPLAY</subfield>
    <subfield code="d">2026-02-25</subfield>
    <subfield code="i">112081</subfield>
    <subfield code="l">0</subfield>
    <subfield code="o">QA 76.73 .P2 G66 1991</subfield>
    <subfield code="p">A000957</subfield>
    <subfield code="r">2026-02-25 15:15:00</subfield>
    <subfield code="t">1</subfield>
    <subfield code="w">2026-02-25</subfield>
    <subfield code="y">BK</subfield>
  </datafield>
  <datafield tag="952" ind1=" " ind2=" ">
    <subfield code="0">0</subfield>
    <subfield code="1">0</subfield>
    <subfield code="2">lcc</subfield>
    <subfield code="4">0</subfield>
    <subfield code="6">QA007673 P2 G66  01991</subfield>
    <subfield code="7">0</subfield>
    <subfield code="8">SCT</subfield>
    <subfield code="9">375527</subfield>
    <subfield code="a">KSUL</subfield>
    <subfield code="b">KSUL</subfield>
    <subfield code="c">DISPLAY</subfield>
    <subfield code="d">2026-02-25</subfield>
    <subfield code="i">112082</subfield>
    <subfield code="l">0</subfield>
    <subfield code="o">QA 76.73 .P2 G66 1991</subfield>
    <subfield code="p">A000955</subfield>
    <subfield code="r">2026-02-25 15:15:00</subfield>
    <subfield code="t">2</subfield>
    <subfield code="w">2026-02-25</subfield>
    <subfield code="y">BK</subfield>
  </datafield>
  <datafield tag="952" ind1=" " ind2=" ">
    <subfield code="0">0</subfield>
    <subfield code="1">0</subfield>
    <subfield code="2">lcc</subfield>
    <subfield code="4">0</subfield>
    <subfield code="6">QA007673 P2 G66  01991</subfield>
    <subfield code="7">0</subfield>
    <subfield code="8">SCT</subfield>
    <subfield code="9">375531</subfield>
    <subfield code="a">KSUL</subfield>
    <subfield code="b">KSUL</subfield>
    <subfield code="c">DISPLAY</subfield>
    <subfield code="d">2026-02-25</subfield>
    <subfield code="i">112083</subfield>
    <subfield code="l">0</subfield>
    <subfield code="o">QA 76.73 .P2 G66 1991</subfield>
    <subfield code="p">A000956</subfield>
    <subfield code="r">2026-02-25 15:21:00</subfield>
    <subfield code="t">3</subfield>
    <subfield code="w">2026-02-25</subfield>
    <subfield code="y">BK</subfield>
  </datafield>
  <datafield tag="952" ind1=" " ind2=" ">
    <subfield code="0">0</subfield>
    <subfield code="1">0</subfield>
    <subfield code="2">lcc</subfield>
    <subfield code="4">0</subfield>
    <subfield code="6">QA007673 P2 G66  01991</subfield>
    <subfield code="7">0</subfield>
    <subfield code="8">SCT</subfield>
    <subfield code="9">375535</subfield>
    <subfield code="a">KSUL</subfield>
    <subfield code="b">KSUL</subfield>
    <subfield code="c">DISPLAY</subfield>
    <subfield code="d">2026-02-25</subfield>
    <subfield code="i">112084</subfield>
    <subfield code="l">0</subfield>
    <subfield code="o">QA 76.73 .P2 G66 1991</subfield>
    <subfield code="p">A000953</subfield>
    <subfield code="r">2026-02-25 15:24:00</subfield>
    <subfield code="t">4</subfield>
    <subfield code="w">2026-02-25</subfield>
    <subfield code="y">BK</subfield>
  </datafield>
  <datafield tag="952" ind1=" " ind2=" ">
    <subfield code="0">0</subfield>
    <subfield code="1">0</subfield>
    <subfield code="2">lcc</subfield>
    <subfield code="4">0</subfield>
    <subfield code="6">QA007673 P2 G66  01991</subfield>
    <subfield code="7">0</subfield>
    <subfield code="8">SCT</subfield>
    <subfield code="9">375536</subfield>
    <subfield code="a">KSUL</subfield>
    <subfield code="b">KSUL</subfield>
    <subfield code="c">DISPLAY</subfield>
    <subfield code="d">2026-02-25</subfield>
    <subfield code="i">112085</subfield>
    <subfield code="l">0</subfield>
    <subfield code="o">QA 76.73 .P2 G66 1991</subfield>
    <subfield code="p">A000954</subfield>
    <subfield code="r">2026-02-25 15:24:00</subfield>
    <subfield code="t">5</subfield>
    <subfield code="w">2026-02-25</subfield>
    <subfield code="y">BK</subfield>
  </datafield>
</record>
